European Cup Final Belgium (Juventus vs. Liverpool 1-0) 31/5/85 [video recording]
| Format: | Book |
|---|---|
| Subjects: |
MARC
| LEADER | 00000cam a2200000 7i4500 | ||
|---|---|---|---|
| 001 | 0000005120 | ||
| 005 | 20061205.0 | ||
| 040 | |a INS | ||
| 090 | 0 | 0 | |a GV493 |
| 245 | 0 | 0 | |a European Cup Final Belgium (Juventus vs. Liverpool 1-0) 31/5/85 [video recording] |
| 300 | |a 1video cassette(VHS) : |b sd.,col.1/2in | ||
| 650 | 0 | 0 | |a Soccer |
| 999 | |a VHS214 |b VIDEO |c Media Collection |e Default branch | ||